00481nam a2200157Ia 450000500170000000800410001708200130005810000160007124500300008726000420011730000120015950000360017194200060020795200950021399900150030820250509040119.0240331s9999 xx 000 0 und d a060bSIL aSilva,K.A.S 0aMudrana shilpaya mulpotha aColombobLake House Investmentsc1973 a80 p ., aAn Aid to the Study of Painting cL 001040708LaWERCLbWERCLcSSCd2024-03-31l0o 060 SILp1037r2024-03-31w2024-03-31yL c1306d1306